Statistics for U.S. Presidential Assassinations

Click here to take the quiz!

General Stats

  • This quiz has been taken 68 times
  • The average score is 8 of 12

Answer Stats

Assassin% Correct
Abraham Lincoln
100%
John F. Kennedy
98%
WIlliam McKinley
86%
James A. Garfield
83%
Ronald Reagan
79%
John Wilkes Booth
76%
Lee Harvey Oswald
74%
Theodore Roosevelt
55%
John Hinckley Jr.
43%
Charles J. Guiteau
31%
Leon Czolgosz
26%
John F. Schrank
2%

Score Distribution

Percentile by Number Answered

Percent of People with Each Score

Your Score History

You have not taken this quiz